000 00670nam a2200193Ia 4500
008 151121s9999||||xx |||||||||||||| ||und||
082 _aबा। वि।
082 _bHNW-73602
100 _aवडगांवकर निवृत्ती
245 _aसंत चोखामेळा
260 _b"साके त प्रकाशन, औरंगाबाद।"
260 _c--
300 _a18
600 _aवडगांवकर निवृत्ती
630 _aसंत चोखामेळा
700 _aवडगांवकर निवृत्ती
730 _aसंत चोखामेळा
942 _cBOOK
999 _c1255058
_d1255055